Alejandra, Ludovina y Elvira (Registro nro. 89985)

Detalles MARC
000 -LEADER
campo de control de longitud fija 00716nam a2200229 i 4500
001 - NÚMERO DE CONTROL
campo de control 89985
003 - IDENTIFICADOR DE NÚMERO DE CONTROL
campo de control ES-MaACL
005 - FECHA Y HORA DE LA ÚLTIMA TRANSACCIÓN
campo de control 20250511063031.0
007 - CAMPO FIJO DE DESCRIPCIÓN FÍSICA--INFORMACIÓN GENERAL
campo de control de longitud fija t|
008 - DATOS DE LONGITUD FIJA--INFORMACIÓN GENERAL
campo de control de longitud fija 050117s1972 mx ||||1| spa d
100 1# - ENTRADA PRINCIPAL--NOMBRE DE PERSONA
Nombre de persona Lázaro, Ángel,
9 (RLIN) 240342
Fechas asociadas al nombre 1900-1985
Término indicativo de función/relación Autor
245 10 - MENCIÓN DEL TÍTULO
Título Alejandra, Ludovina y Elvira
Resto del título : trilogía /
Mención de responsabilidad, etc. Angel Lázaro.
260 ## - PUBLICACIÓN, DISTRIBUCIÓN, ETC.
Lugar de publicación, distribución, etc. México :
Nombre del editor, distribuidor, etc. Finisterre,
Fecha de publicación, distribución, etc. 1972.
300 ## - DESCRIPCIÓN FÍSICA
Extensión 88 p. ;
Dimensiones 17 cm.
490 1# - MENCIÓN DE SERIE
Mención de serie Colección de teatro hispanoamericano
586 ## - NOTA DE PREMIOS
Nota de premios Premio Internacional de Teatro León Felipe, 1971
830 0# - PUNTO DE ACCESO ADICIONAL DE SERIE-TÍTULO UNIFORME
Título uniforme Colección de teatro hispanoamericano
9 (RLIN) 231921
852 ## - LOCALIZACIÓN
Ubicación ES-MaACL
Número de control de estantería E-6213
852 ## - LOCALIZACIÓN
Ubicación ES-MaACL
Número de control de estantería L-1124
942 ## - ELEMENTOS DE ENTRADA SECUNDARIOS (KOHA)
Fuente del sistema de clasificación o colocación Clasificación decimal universal
Existencias
Estatus retirado Estado de pérdida Estado de daño No para préstamo Biblioteca de origen Biblioteca actual Ubicación en estantería Fecha de adquisición Fuente de adquisición Total de préstamos Signatura topográfica completa Código de barras Visto por última vez Precio de reemplazo Tipo de ítem Koha
        Biblioteca del Ateneo de Madrid Biblioteca del Ateneo de Madrid Depósito 2 17/01/2008     E-6213 1093972 23/02/2023 23/02/2023 Libro impreso
        Biblioteca del Ateneo de Madrid Biblioteca del Ateneo de Madrid Depósito 2 17/01/2008     L-1124 1093973 23/02/2023 23/02/2023 Libro impreso